000
00194 a2200097 4500
020
_a
9786070117503
041
_a
spa
100
_a
Luis San Visente
245
_a
Festival de calaveras
942
_c
K
999
_c
30226
_d
30224